「一回だけ使用されている文字」東北編 - Statistics

General Stats
  • This quiz has been taken 398 times
  • The average score is 31 of 40
Answer Stats
文字 県名 解答欄 % Correct
青森県 弘前市
99%
岩手県 盛岡市
99%
岩手県 釜石市
98%
山形県 天童市
96%
岩手県 久慈市
95%
山形県 最上町
95%
岩手県 雫石町
95%
秋田県 男鹿市
93%
秋田県 にかほ市
92%
福島県 只見町
92%
福島県 双葉町
90%
宮城県 塩竈市
89%
青森県 鰺ヶ沢町
88%
秋田県 八郎潟町
87%
宮城県 亘理町
86%
青森県 大鰐町
84%
福島県 磐梯町
83%
福島県 猪苗代町
82%
山形県 遊佐町
82%
青森県 外ヶ浜町
77%
岩手県 矢巾町
77%
宮城県 柴田町
76%
岩手県 大槌町
75%
青森県 階上町
74%
山形県 高畠町
74%
岩手県 普代村
74%
青森県 田舎館村
73%
福島県 塙町
73%
青森県 蓬田村
73%
福島県 矢祭町
71%
福島県 楢葉町
68%
福島県 桑折町
67%
山形県 鮭川村
67%
宮城県 大衡村
66%
宮城県 涌谷町
64%
宮城県 山元町
61%
岩手県 田野畑村
56%
福島県 鮫川村
54%
宮城県 色麻町
52%
福島県 飯舘村
51%
No matching quizzes found
Score Distribution
Percent of People with Each Score
Percentile by Number Answered
Your Score History
You have not taken this quiz